| 000 | 01542cam a2200373 i 4500 | ||
|---|---|---|---|
| 999 |
_c9551 _d9551 |
||
| 001 | 21960558 | ||
| 003 | GBCCL | ||
| 005 | 20241126110714.0 | ||
| 008 | 210326s2022 ilu b 001 0 eng | ||
| 010 | _a 2021014534 | ||
| 020 |
_a9781433577758 _q(paperback) |
||
| 020 |
_z9781433577765 _q(pdf) |
||
| 020 |
_z9781433577772 _q(mobipocket) |
||
| 020 |
_z9781433577789 _q(epub) |
||
| 040 |
_aDLC _beng _cDLC _erda _dDLC |
||
| 042 | _apcc | ||
| 050 | 0 | 0 |
_aBV2061.3 _b.R475 2022 |
| 082 | 0 | 0 |
_a266 _223 _bRHO |
| 100 | 1 |
_aRhodes, Matt, _d1979- _eauthor. _916616 |
|
| 245 | 1 | 0 |
_aNo shortcut to success : _ba manifesto for modern missions / _cMatt Rhodes ; foreword by Mark Dever. |
| 264 | 1 |
_aWheaton, Illinois : _bCrossway, _c2022. |
|
| 300 |
_a270 pages ; _c22 cm. |
||
| 336 |
_atext _btxt _2rdacontent |
||
| 337 |
_aunmediated _bn _2rdamedia |
||
| 338 |
_avolume _bnc _2rdacarrier |
||
| 490 | 0 | _a9Marks | |
| 504 | _aIncludes bibliographical references and index. | ||
| 520 |
_a"A practical discussion of methods for Christian missionaries, recommending a return to traditional methods"-- _cProvided by publisher. |
||
| 650 | 0 |
_aMissions. _9885 |
|
| 776 | 0 | 8 |
_iOnline version: _aRhodes, Matt, 1979- _tNo shortcut to success _dWheaton, Illinois : Crossway, 2022 _z9781433577765 _w(DLC) 2021014535 |
| 906 |
_a7 _bcbc _corignew _d1 _eecip _f20 _gy-gencatlg |
||
| 942 |
_2ddc _cBK |
||